| 000 | 00563nam a22001817a 4500 | ||
|---|---|---|---|
| 003 | CEME | ||
| 005 | 20210628203434.0 | ||
| 008 | 210122b xxu||||| |||| 00| 0 eng d | ||
| 020 | _a0-387-27584-3 | ||
| 040 | _cceme | ||
| 082 | _a621.384 MOD | ||
| 100 |
_aFrevert, Ronny , Haase, Joachim , Jancke, Roland _965470 |
||
| 245 | _aModeling and simulation for rf system design | ||
| 260 | _bSPRINGER | ||
| 300 | _aVIII,291P | ||
| 650 |
_aTELECOMMUNICATION SYSTEMS-SIMULATION METHODS.TELECOMMUNICATION SYSTEMS-MATHEMATICAL MODELS.VHDL. _965471 |
||
| 942 |
_cBK _2ddc |
||
| 999 |
_c573666 _d573666 |
||